| 000 | 00590nas a2200217 4500 | ||
|---|---|---|---|
| 001 | BR5300152 | ||
| 003 | BR-BrBNA | ||
| 005 | 20231205081930.0 | ||
| 007 | ta | ||
| 008 | 230509b bl.|||p| |||| 00| 00por d | ||
| 040 |
_aBR-BrBNA _bpor _cBiblioteca Nacional de Agricultura |
||
| 041 | _a(Pt) | ||
| 072 | _aL00 | ||
| 100 | 1 | _aFortes, E. | |
| 245 | 1 | _aPeixe rei: o rei dos peixes | |
| 650 | _aPRODUCAO ANIMAL | ||
| 650 | _aPEIXE DE AGUA DOCE | ||
| 773 | 0 |
_tIntercambio (Brazil) _x _g(Mar 1953), v. 1(3) p. 33 _wBR5300152 |
|
| 909 |
_a202311 _bLúcia _c55 _dLúcia Elande |
||
| 942 |
_2AGRIS _n0 _cANA |
||
| 999 |
_c87921 _d87921 |
||